000 00741nam a22002417a 4500
001 61160
003 UA-OsUOA
005 20210922125959.0
007 ta
008 20090619b un ||||| |||| 00| 0 ukr d
020 _a978-966-346-449-7
040 _aUA-OsUOA
_bukr
_cUA-OsUOA
_dUA-OsUOA
041 _aukr
080 _a368(075.8)
090 _a368(075.8)
_bС83
245 _aСтрахування
_bпідручник
_cза ред. Базилевича В. Д.
260 _aК.
_bЗнання
_c2008
300 _a1019 с.
650 7 _a36 Забезпечення духовних та матеріальних життєвих потреб
_2UDC
942 _cBK
_2udc
955 _a2
999 _c347015
_d347015